000 00332nam a22001577a 4500
003 SGT
020 _a01-239-0273-5
082 _a615019,I14G
100 _aGUPTA,A.K.
245 _aINTRODUCTION TO PHARMACEUTICS-I
250 _a3RD
260 _aDELHI
_bCBS
_c2014
300 _a313
650 _aPHARMACETICS
942 _2ddc
_cBK
_012
999 _c8142
_d8142